000 00541nam a2200193Ia 4500
999 _c36267
_d36267
001 2174
003 GE_BSU
005 20190527150343.0
008 181216s1997||||enk|||||||||||||| ||eng||
040 _cGE_BSU
080 _a811.111(075.8) H-17
100 _aHaines, Simon
_91635
245 _aNew First Certificate Masterclass /
_bStudent's Book.
264 _aOxford ,
_c1997
300 _a223 p. ;
_b28 cm.
653 _aინგლისური ენა
700 _a Stewart, barbara
_eავტორი
_91640
942 _cBK
_2udc